00533nam a2200145 a 4500001001000000003000900010005001700019008004100036040002500077110004700102245006400149260007200213300003700285500006500322000038362DO-SdBNP20250714105825.0130409s1991 dr ad 000 0 spa d aDO-SdBNPbspacBNPHU2 aBanco Central de la República Dominicana00aBanco central de la República Dominicana :bMemeria 1991. aSanto Domingo :bBanco central de la República Dominicana,c1991. a111 p. :bil., gráf. ;c29 cm. acuadragesimo cuarto ejercicio 1991 enero 1ro. a diciembre 31